书目信息 |
| 题名: |
化工小商品生产法
|
|
| 作者: | 雷得漾 , 伍先云 编著 | |
| 分册: | 第十一集 | |
| 出版信息: | 长沙 湖南科学技术出版社 1992.4 |
|
| 页数: | 255页 | |
| 开本: | 19cm | |
| 丛书名: | ||
| 单 册: | ||
| 中图分类: | TQ-62 | |
| 科图分类: | ||
| 主题词: | 化学工业 | |
| 电子资源: | ||
| ISBN: | 7-5357-0985-0 | |
| 000 | 00762nam0 2200241 45 | |
| 001 | 0192008596 | |
| 005 | 20051114141628.29 | |
| 010 | @a7-5357-0985-0@dCNY3.70 | |
| 020 | @aCN@b92008596 | |
| 100 | @a19920813d1992 em y0chiy0121 ea | |
| 101 | 0 | @achi |
| 102 | @aCN@b430000 | |
| 105 | @ay z 000yy | |
| 200 | 10 | @a化工小商品生产法@Ahua gong xiao shang pin sheng chan fa@h第十一集@f雷得漾,伍先云编著@Flei de yang wu xian yun bian zhu |
| 210 | @a长沙@c湖南科学技术出版社@d1992.4 | |
| 215 | @a255页@d19cm | |
| 330 | @a本集分“米糠的综合利用”,“植酸生产工艺”两部分。 | |
| 606 | 0 | @a化学工业 |
| 690 | @aTQ-62 | |
| 701 | 0 | @a雷得漾@Alei de yang@4编著 |
| 701 | 0 | @a伍先云@Awu xian yun@4编著 |
| 801 | 0 | @aCN@bNLC@c20051114 |
| 905 | @f1@b246757@dTQ-62@e15:11 | |
| 化工小商品生产法.第十一集/雷得漾,伍先云编著.-长沙:湖南科学技术出版社,1992.4 |
| 255页;19cm |
| ISBN 7-5357-0985-0:CNY3.70 |
| 本集分“米糠的综合利用”,“植酸生产工艺”两部分。 |
| ● |
| 相关链接 |
|
|
|
|
正题名:化工小商品生产法
索取号:TQ-62/15:11
 
预约/预借
| 序号 | 登录号 | 条形码 | 馆藏地/架位号 | 状态 | 备注 |
| 1 | 0246757 | 001646026 | 第三借阅区/ [索取号:TQ-62/15:11] | 在馆 | |
| 2 | 0246758 | 202146294 | 密集书库/ [索取号:TQ-62/15:11] | 在馆 | |
| 3 | 0246759 | 001645937 | 第二样本阅览室/ [索取号:TQ-62/15:11] | 在馆 |